[Event "Ch France (team) (nat.2) 2009/10"]
[Site "France"]
[Date "2009.10.04"]
[Round "1"]
[White "Rano David (FRA)"]
[Black "Fournet Arnaud (FRA)"]
[Result "1-0"]
[WhiteElo "2183"]
[BlackElo "2203"]

1.d4 Nf6 2.c4 g6 3.Nc3 Bg7 4.e4 d6 5.Nf3 O-O 6.Be2 e5 7.O-O Nbd7 8.d5 Nc5
9.Qc2 a5 10.Ne1 Bd7 11.f3 Nh5 12.Nd3 b6 13.Bd2 Qh4 14.Qc1 f5 15.Bg5 Bh6
16.Bxh4 Bxc1 17.Raxc1 f4 18.Nxc5 dxc5 19.Bd1 h6 20.Ba4 Bxa4 21.Nxa4 g5 22.Be1
Nf6 23.Bc3 Nd7 24.b3 Rf6 25.Nb2 Rd6 26.Nd3 Re8 27.Rcd1 Kf7 28.Kf2 Re7 29.g3
fxg3+ 30.hxg3 Kg6 31.Ke3 Re8 32.Rd2 Kh7 33.Rg2 Rg6 34.f4 gxf4+ 35.Kf3 fxg3
36.Rfg1 Kg7 37.Rxg3 Rxg3+ 38.Rxg3+ Kf6 39.Nf4 Rf8 40.Ne6 Rf7 41.Nxc7 h5 42.Kg2
Ke7 43.Ne6 Nf6 44.Bxe5 Ng4 45.Bf4 Kd7 46.Rh3 {#r} 1-0

[Event "Czech League 2009/10 (2nd) (a)"]
[Site "Czech Republic"]
[Date "2009.10.18"]
[Round "1"]
[White "Simunek Filip (CZE)"]
[Black "Vaindl Jaroslav (CZE)"]
[Result "1-0"]
[WhiteElo "2151"]
[BlackElo "2131"]

1.d4 Nf6 2.Nf3 g6 3.c4 Bg7 4.Nc3 O-O 5.e4 d6 6.Be2 e5 7.O-O Nbd7 8.d5 Nc5
9.Nd2 a5 10.b3 Ne8 11.Rb1 f5 12.f3 Nf6 13.a3 Bh6 14.b4 Be3+ 15.Kh1 axb4
16.axb4 Na6 17.Nb3 Bxc1 18.Nxc1 c5 19.dxc6 bxc6 20.b5 cxb5 21.cxb5 Nc5 22.Bc4+
Kh8 23.Nd3 Bb7 24.Nxc5 dxc5 25.Bd5 Bxd5 26.exd5 Qd6 27.Qb3 Ra7 28.Ra1 Rfa8
29.Rxa7 Rxa7 30.Rd1 Kg7 31.Qb2 c4 32.Qe2 Rc7 33.Re1 Nd7 34.h3 Qb4 35.Qd2 Ra7
36.d6 Ra3 37.Rc1 Rb3 38.f4 Rb2 39.Qd5 Qc5 40.Qe6 Qa7 41.fxe5 Qb7 42.Rg1 Rc2
43.Qe7+ Kh6 44.e6 Rxc3 45.Qh4+ Kg7 46.Qd4+ Nf6 47.Qxc3 Qxb5 48.Rd1 Qa4 49.Ra1
Qc6 50.Ra7+ {#r} 1-0

[Event "Cup Croatia (team)"]
[Site "Sibenik (Croatia)"]
[Date "2010.05.21"]
[Round "4"]
[White "Savic Miroslav (CRO)"]
[Black "Brigljevic Milan (CRO)"]
[Result "0-1"]
[WhiteElo "2260"]
[BlackElo "2303"]

1.d4 Nf6 2.c4 g6 3.Nf3 Bg7 4.Nc3 d6 5.e4 O-O 6.Be2 e5 7.O-O Nbd7 8.d5 a5 9.Ne1
Nc5 10.f3 Ne8 11.Be3 Bd7 12.b3 f5 13.a3 fxe4 14.Nxe4 Nxe4 15.fxe4 Rxf1+
16.Bxf1 Nf6 17.Qc2 Ng4 18.Bc1 Nxh2 19.Be2 Qh4 20.Nf3 Nxf3+ 21.Bxf3 Qe1+ 22.Kh2
Rf8 23.Qd2 Qh4+ 24.Kg1 Bg4 25.Bxg4 Qxg4 26.Qd3 Bf6 27.Bh6 Rf7 28.Rf1 Bg7
29.Rxf7 Kxf7 30.Bd2 b6 31.Qf3+ Qxf3 32.gxf3 h5 33.b4 a4 34.Be3 Bf6 35.Kf1 Bh4
36.Ke2 Bg3 37.Bg5 Ke8 38.Bc1 Bf4 39.Bb2 h4 40.Kf1 h3 41.Kf2 Ke7 42.Kg1 Kf6
43.Kh1 Kg5 44.c5 bxc5 45.bxc5 Bd2 46.Kh2 Kf4 47.c6 Ba5 48.Kxh3 Kxf3 49.Bc3
{#R} 0-1

[Event "It (open) (b)"]
[Site "Panevezys (Lithuania)"]
[Date "2010.08.19"]
[Round "3"]
[White "Zitinskas Lukas (LTU)"]
[Black "Smoliar Roman (EST)"]
[Result "1-0"]
[WhiteElo "1820"]
[BlackElo "1854"]

1.d4 Nf6 2.c4 g6 3.Nc3 Bg7 4.e4 d6 5.Nf3 O-O 6.Be2 Nbd7 7.O-O e5 8.d5 Nc5
9.Qc2 a5 10.Bg5 h6 11.Be3 b6 12.Nd2 Ng4 13.Bxg4 Bxg4 14.a3 Bd7 15.b4 Na6
16.Qb2 f5 17.f3 f4 18.Bf2 g5 19.Rfc1 g4 20.Ne2 gxf3 21.Nxf3 Bg4 22.Qc3 Kh8
23.Kh1 Rg8 24.Neg1 Nb8 25.c5 bxc5 26.bxc5 Nd7 27.Rab1 Nf6 28.Nd2 Bh5 29.Ngf3
Bg6 30.Qd3 Qe7 31.Rb7 Qd8 32.cxd6 cxd6 33.Nh4 Bh7 34.Nhf3 Ng4 35.Bg1 Rb8
36.Rcc7 Rxb7 37.Rxb7 Qc8 38.Rb1 Qd7 39.Nc4 Nf6 40.Nfd2 Bf8 41.Nxa5 Qg4 42.Qf3
Qg6 43.Rb4 Nh5 44.Nac4 Qg5 45.Bf2 Nf6 46.Nb6 Bg6 47.h4 Qg4 48.a4 Rg7 49.a5 Bh5
50.Qxg4 Nxg4 51.Bg1 Ne3 52.Nbc4 Ra7 53.Nxe3 fxe3 54.Bxe3 Rxa5 55.Rb8 Ra1+
56.Kh2 Kg7 57.Bxh6+ Kxh6 58.Rxf8 Ra2 59.Rf2 Bg6 60.Kg3 Kg7 61.Kg4 Ra4 62.Re2
Kh6 63.Re3 Ra2 64.Nc4 Rxg2+ 65.Kf3 Rg1 66.Nxd6 Rf1+ 67.Kg2 Rf4 68.Nf5+ Bxf5
69.exf5 Rxf5 70.d6 Rf6 71.Rd3 Rf8 72.d7 Rd8 73.Kf3 Kg6 74.Ke4 Kf6 75.h5 {#r}
1-0

[Event "It (open)"]
[Site "Brezova pod Bradlom (Czech Republic)"]
[Date "2010.08.28"]
[Round "8"]
[White "Janko Michal (SVK)"]
[Black "Jurcik Martin (SVK)"]
[Result "0-1"]
[WhiteElo "2274"]
[BlackElo "2372"]

1.Nf3 Nf6 2.c4 g6 3.Nc3 Bg7 4.e4 d6 5.d4 O-O 6.Be2 e5 7.O-O Nbd7 8.d5 Nc5
9.Qc2 a5 10.Bg5 h6 11.Bh4 Qe8 12.Nd2 Nh7 13.b3 h5 14.f3 Bh6 15.Bf2 f5 16.Rab1
Na6 17.a3 f4 18.b4 g5 19.Rfe1 g4 20.Nf1 Qg6 21.Qd1 Ng5 22.Kh1 Kh8 23.Bh4 Nh3
24.gxh3 gxh3 25.Ne3 fxe3 26.Rg1 Qh7 27.Bg5 axb4 28.axb4 Bxg5 29.Rxg5 Rg8
30.Rxg8+ Qxg8 31.Qg1 Qxg1+ 32.Kxg1 Bd7 33.c5 dxc5 34.Bxa6 cxb4 35.Bb5 c6
36.dxc6 bxc6 37.Bxc6 Rg8+ 38.Kf1 Bxc6 39.Rxb4 Rg2 40.Rb6 Rxh2 41.Kg1 Rg2+
42.Kh1 Rc2 43.Rb3 Kg7 {#R} 0-1

[Event "Ch Paulista (zonal)"]
[Site "Itapetininga (Brazil)"]
[Date "2010.08.28"]
[Round "2"]
[White "Torsani Marcos Vinicius"]
[Black "Herbst Neto Eugenio (BRA)"]
[Result "1-0"]
[WhiteElo "2113"]
[BlackElo "1942"]

1.d4 Nf6 2.c4 g6 3.Nc3 Bg7 4.e4 d6 5.Be2 O-O 6.Nf3 e5 7.O-O Nbd7 8.d5 Nc5
9.Qc2 a5 10.Bg5 h6 11.Bh4 Bd7 12.Nd2 Qc8 13.b3 Nh7 14.a3 f5 15.f3 Na6 16.Rab1
Nf6 17.b4 axb4 18.axb4 Nh5 19.Rfc1 Nf4 20.Bf1 Rf7 21.Bf2 Bf8 22.Nb5 Qd8 23.g3
Nh5 24.c5 fxe4 25.Nxe4 dxc5 26.bxc5 Rxf3 27.Be2 Rf7 28.d6 Be6 29.Rd1 c6 30.Nc7
Nxc7 31.dxc7 Qxc7 32.Nd6 Bf5 33.Nxf5 Rxf5 34.Bxh5 Qf7 35.Bg4 Ra2 36.Bxf5 Rxc2
37.Bxc2 Kg7 38.Bb3 Qf5 39.Bc4 Qc2 40.Rxb7+ Kf6 41.Bb3 Qc3 42.Rf7+ Kg5 43.h4+
Kh5 44.Be6 {#r} 1-0

[Event "Ch City"]
[Site "Kazan (Russia)"]
[Date "2010.11.29"]
[Round "7"]
[White "Klochkov Andrei (RUS)"]
[Black "Terentiev Vitaly G (RUS)"]
[Result "0-1"]
[WhiteElo "1841"]
[BlackElo "2282"]

1.d4 g6 2.c4 Bg7 3.Nc3 d6 4.e4 Nf6 5.Nf3 O-O 6.Be2 e5 7.O-O Nbd7 8.d5 Nc5
9.Qc2 a5 10.Ne1 Nfd7 11.f3 f5 12.Be3 f4 13.Bf2 g5 14.Nd3 Nxd3 15.Qxd3 Rf7
16.a3 b6 17.b4 Bf8 18.Rfc1 h5 19.Na4 Rg7 20.Qd1 Qf6 21.Rc3 Qg6 22.c5 axb4
23.axb4 bxc5 24.bxc5 g4 25.cxd6 g3 26.hxg3 fxg3 27.Be3 Bxd6 28.Nb2 Rxa1
29.Qxa1 Nf8 30.Nc4 Bd7 31.Rb3 h4 32.Nxe5 Qh7 33.Nxd7 Nxd7 34.Qa8+ Nf8 35.Qc8
Rd7 36.Bb5 Qg7 37.Qa8 Rf7 38.Qa7 c6 39.Qa6 cxb5 {#R} 0-1

[Event "Ch Lithuania (team) (1 league)"]
[Site "Lithuania"]
[Date "2011.02.26"]
[Round "8"]
[White "Velioniskis Robertas (LTU)"]
[Black "Bieliauskas Marius (LTU)"]
[Result "1-0"]
[WhiteElo "1953"]
[BlackElo "2143"]

1.d4 Nf6 2.c4 g6 3.Nc3 Bg7 4.e4 d6 5.Nf3 O-O 6.Be2 e5 7.O-O Nbd7 8.d5 h6 9.b4
a5 10.Ba3 axb4 11.Bxb4 Nc5 12.Qc2 Na6 13.Ba3 b6 14.Nd2 Nd7 15.Nb5 f5 16.Bb2 f4
17.Bc3 Ndc5 18.a4 g5 19.Qd1 Qf6 20.a5 Kh8 21.h3 Rg8 22.Bh5 Bf8 23.Qe2 Qg7
24.axb6 cxb6 25.Rfb1 Qh7 26.Bb4 Rb8 27.Nc3 Nd7 28.Bg4 Nxb4 29.Bf5 Qe7 30.Rxb4
Nf6 31.Bxc8 Rxc8 32.Rxb6 g4 33.hxg4 Nxg4 34.Nf1 Qg7 35.f3 Nf6 36.Rc6 Rd8
37.Qf2 Rd7 38.c5 Ne8 39.cxd6 Nxd6 40.Ra2 Qg5 41.Na4 Nb7 42.Rac2 Rdg7 43.Rc7
Bd6 44.Rxg7 Rxg7 45.Nd2 Bb4 46.Nc4 Na5 47.Nxa5 Bxa5 48.Qc5 Be1 49.Qc8+ Rg8
50.Qh3 Ba5 51.Rc8 Bd8 52.Rc6 h5 53.Nc5 Rg6 54.Ne6 Qh4 55.Qxh4 Bxh4 56.Nxf4 Rf6
57.Ng6+ Rxg6 58.Rxg6 Kh7 59.Re6 {#r} 1-0

[Event "Ch Turkey (active)"]
[Site "Datca (Turkey)"]
[Date "2011.08.20"]
[Round "4"]
[White "Buker Muhittin (TUR)"]
[Black "Kerigan Demre (TUR)"]
[Result "1-0"]
[WhiteElo "2073"]
[BlackElo "2197"]

1.d4 g6 2.c4 Bg7 3.Nc3 Nf6 4.e4 O-O 5.Nf3 d6 6.Be2 e5 7.O-O Nbd7 8.d5 a5 9.Ne1
Nc5 10.f3 Bd7 11.Nd3 b6 12.Nxc5 bxc5 13.a4 Nh5 14.g3 Kh8 15.Nb5 f5 16.Bd2 Nf6
17.Qc2 fxe4 18.fxe4 Bh3 19.Rf2 Qd7 20.Bf1 Rf7 21.Bg2 Raf8 22.Raf1 Bxg2 23.Kxg2
Kg8 24.h3 Rb8 25.Qd3 c6 26.dxc6 Qxc6 27.Re2 Rbf8 28.Kg1 Qd7 29.g4 Nxg4 30.Rxf7
Qxf7 31.Qd5 Nf6 32.Qxf7+ Rxf7 33.Bxa5 Nh5 34.Bd2 Bf6 35.Kg2 Bd8 36.Rf2 Nf6
37.Bg5 Kg7 38.Bxf6+ Rxf6 39.Rxf6 Kxf6 40.Nxd6 Ke6 41.Nb7 Bb6 42.a5 Ba7 43.Nd8+
Kd7 44.Nf7 Bb8 45.Kf3 Ke7 46.Nh6 Kf6 47.Ng4+ Ke6 48.Nf2 Kd6 49.Nd3 Kc6 50.Kg4
h6 51.h4 Kb7 52.Nxc5+ Kc6 53.Nd3 Kb7 54.Nc5+ Ka7 55.b4 Bd6 56.Nd3 Ka6 57.h5
gxh5+ 58.Kxh5 {#r} 1-0

[Event "Tournament (open)"]
[Site "Kimry (Russia)"]
[Date "2011.09.01"]
[Round "7"]
[White "Prizant Jaroslav (RUS)"]
[Black "Motruk Oleg (RUS)"]
[Result "1-0"]
[WhiteElo "2504"]
[BlackElo "1886"]

1.d4 Nf6 2.c4 g6 3.Nc3 Bg7 4.e4 d6 5.Nf3 O-O 6.Be2 Nbd7 7.O-O e5 8.d5 a5 9.Qc2
Nc5 10.Bg5 h6 11.Be3 b6 12.Nd2 Nh7 13.b3 f5 14.f3 f4 15.Bf2 g5 16.a3 h5 17.b4
Nd7 18.Na4 Ndf6 19.c5 bxc5 20.bxc5 g4 21.Bh4 Qe8 22.cxd6 cxd6 23.Nc4 Qe7
24.Nab6 Rb8 25.Rab1 Qc7 26.Rfc1 Ba6 27.Qa4 Bxc4 28.Nxc4 Rxb1 29.Rxb1 Rb8
30.Rb5 gxf3 31.gxf3 Rxb5 32.Qxb5 Qa7+ 33.Bf2 Qf7 34.Nxd6 Qg6+ 35.Kf1 Ng5
36.Nf5 Kh7 37.Qb7 {#r} 1-0

[Event "Tournament (universities)"]
[Site "Campinas (Brazil)"]
[Date "2011.11.04"]
[Round "1"]
[White "Pires Marcos Vinicius Torsani"]
[Black "De Souza Clovis Ely Melo"]
[Result "1-0"]
[WhiteElo "2150"]
[BlackElo "1892"]

1.d4 Nf6 2.c4 g6 3.Nc3 Bg7 4.e4 d6 5.Be2 O-O 6.Nf3 Nbd7 7.O-O e5 8.d5 Nc5
9.Qc2 a5 10.Bg5 h6 11.Be3 Ng4 12.Bxc5 dxc5 13.h3 Nf6 14.a3 Ne8 15.Rab1 Qe7
16.Ne1 f5 17.Nd3 f4 18.Qd1 Nf6 19.b4 cxb4 20.axb4 Nh7 21.Bg4 Bxg4 22.Qxg4 Rf6
23.bxa5 h5 24.Qh4 Bh6 25.f3 c6 26.Rb3 g5 27.Qxh5 Rxa5 28.Rfb1 Ra7 29.Qg4 Qc7
30.c5 Rg6 31.Qf5 {#r} 1-0

[Event "Ch Brazil (amateurs)"]
[Site "Goiania (Brazil)"]
[Date "2012.02.18"]
[Round "2"]
[White "Di Simoni Rafaela Moura"]
[Black "Okada Dyogo Koithi"]
[Result "0-1"]
[WhiteElo "1665"]
[BlackElo "1710"]

1.d4 Nf6 2.c4 g6 3.Nc3 Bg7 4.Nf3 d6 5.e4 O-O 6.Be2 e5 7.O-O Nbd7 8.d5 Ne8
9.Ne1 f5 10.f3 f4 11.Nd3 Rf7 12.b4 Bf8 13.c5 dxc5 14.bxc5 Nxc5 15.Ba3 Nxd3
16.Bxf8 Rxf8 17.Bxd3 Nd6 18.Nb5 Nxb5 19.Bxb5 Qd6 20.Rc1 Qb6+ 21.Kh1 Qxb5
22.Rxc7 Rd8 23.a4 Qb6 24.Qc1 Bd7 25.Rd1 Rdc8 26.d6 Qe3 27.Re1 Qxc1 28.Rexc1
Rxc7 29.dxc7 Rc8 30.g4 Bxa4 31.h4 Kf7 32.h5 g5 33.Rc4 b5 34.Rc5 Ke6 35.Rc6+
Kf7 36.Rc5 a6 37.Rxe5 Rxc7 38.Rxg5 Rc6 39.Rf5+ Rf6 40.Rc5 b4 41.Rc7+ Kg8
42.Rc8+ Kg7 43.Rc7+ Kh6 44.Kh2 Bd1 45.Kh3 Bxf3 46.Kh4 Bxg4 47.Kxg4 b3 48.e5
Rb6 49.Kf5 b2 50.e6 b1=Q+ 51.Kf6 Qb2+ 52.Kf7 Qe5 53.e7 Qxc7 54.Kf8 Rb8+ 55.Kf7
Kg5 56.Ke6 Rb6+ 57.Kf7 Rf6+ 58.Kg8 Qxe7 59.h6 Rf8# 0-1

[Event "Ch Karelia"]
[Site "Kondopoga (Russia)"]
[Date "2012.02.26"]
[Round "9"]
[White "Ermakov Evgeny (RUS)"]
[Black "Sharshutin Sergey (RUS)"]
[Result "0-1"]
[WhiteElo "1945"]
[BlackElo "2028"]

1.d4 Nf6 2.c4 g6 3.Nc3 Bg7 4.e4 d6 5.Be2 O-O 6.Nf3 e5 7.O-O Nbd7 8.d5 Nc5
9.Qc2 a5 10.b3 Nh5 11.g3 f5 12.Nd2 Nf6 13.Ba3 b6 14.b4 axb4 15.Bxb4 Nfxe4
16.Ndxe4 Nxe4 17.Nxe4 fxe4 18.a4 Bh6 19.a5 Bh3 20.Rfe1 Qf6 21.Bf1 e3 22.f3
Qxf3 23.Bxh3 Qf2+ 24.Qxf2 exf2+ 25.Kg2 fxe1=Q 26.Bxe1 bxa5 27.Rxa5 Be3 28.Be6+
Kg7 29.h4 Rxa5 30.Bxa5 Rf2+ 31.Kh3 Bb6 32.Bb4 Rc2 {#R} 0-1

[Event "Ch SibFO (open)"]
[Site "Prokopevsk (Russia)"]
[Round "1"]
[White "Feofanov Vladimir (RUS)"]
[Black "Peshkov Nikita (RUS)"]
[Result "0-1"]
[WhiteElo "2286"]
[BlackElo "1981"]

1.d4 Nf6 2.c4 g6 3.Nc3 Bg7 4.e4 O-O 5.Nf3 d6 6.Be2 e5 7.d5 Nbd7 8.O-O Nc5
9.Qc2 a5 10.Bg5 h6 11.Be3 Nh5 12.g3 b6 13.Nd2 Bh3 14.Rfe1 Nf6 15.Bf1 Qd7
16.Bxh3 Qxh3 17.f3 Nh5 18.Nf1 f5 19.Bxc5 bxc5 20.Qg2 Qxg2+ 21.Kxg2 fxe4
22.Nxe4 Rab8 23.Rab1 Rb4 24.Nfd2 Rfb8 25.b3 Nf6 26.Nc3 h5 27.Nb5 Nxd5 28.Ne4
R4xb5 29.cxb5 Rxb5 30.Rbd1 Nb4 31.Re2 Nc6 32.g4 Nd4 33.Rf2 Ne6 34.gxh5 Nf4+
35.Kf1 gxh5 36.Rc2 Rb8 37.Ng3 Rf8 38.Ne2 Ng6 39.Ng1 e4 40.Ke2 Nf4+ 41.Ke3 Bd4+
42.Rxd4 cxd4+ 43.Kxd4 exf3 44.Nxf3 c5+ 45.Ke4 d5+ 46.Ke3 d4+ 47.Ke4 Ne6
48.Rg2+ Kh8 49.Ne5 Kh7 50.Nd7 Rf7 51.Ne5 Rf1 52.Nd3 Rd1 53.h4 Rxd3 {#R} 0-1

[Event "Czech League 2011/12 (2nd) (e)"]
[Site "Czech Republic"]
[Date "2012.03.04"]
[Round "9"]
[White "Stratil Petr (CZE)"]
[Black "Omelka Roman (CZE)"]
[Result "1-0"]
[WhiteElo "2125"]
[BlackElo "2115"]

1.c4 Nf6 2.Nc3 g6 3.e4 d6 4.Nf3 Bg7 5.d4 O-O 6.Be2 e5 7.O-O Nbd7 8.d5 a5 9.Qc2
Nc5 10.Be3 b6 11.a3 Ng4 12.Bg5 f6 13.Bh4 a4 14.h3 Nh6 15.Rae1 Bd7 16.Nh2 g5
17.Bg3 f5 18.exf5 Bxf5 19.Qd1 Qf6 20.Ng4 Nxg4 21.Bxg4 Bd3 22.Be2 Bg6 23.Bh5 e4
24.Bxg6 Qxg6 25.Re2 Bxc3 26.bxc3 Rae8 27.Re3 h5 28.Qe2 g4 29.h4 Rf7 30.Kh2
Rfe7 31.Qc2 Qf6 32.Qd1 Qh6 33.Qc2 Rf8 34.Rfe1 Ref7 35.R1e2 Rf6 36.Rxe4 Nxe4
37.Rxe4 Qg6 38.Qe2 Kg7 39.Re7+ R8f7 40.Re4 Qf5 41.Bf4 Qd7 42.Qe3 Rg6 43.Re6
Rgf6 44.Qd4 c5 45.Bh6+ Kh7 46.Qe4+ Kxh6 47.Qf4+ Kg7 48.Qg5+ Kh8 49.Rxf6 Rxf6
50.Qxf6+ Kh7 51.Kg3 b5 52.cxb5 Qxb5 53.Qe7+ Kg8 54.Qxd6 Qd3+ 55.Kh2 Qxc3
56.Qe6+ Kg7 57.Qe7+ Kh8 58.d6 Qd4 59.Qf8+ Kh7 60.Qf7+ Kh6 61.d7 {#r} 1-0

[Event "Ch Finland (seniors)"]
[Site "Helsinki (Finland)"]
[Date "2012.06.17"]
[Round "7"]
[White "Jalo Pentti (FIN)"]
[Black "Laitinen Martti (FIN)"]
[Result "0-1"]
[WhiteElo "1772"]
[BlackElo "1788"]

1.d4 Nf6 2.c4 g6 3.Nf3 Bg7 4.Nc3 O-O 5.e4 d6 6.Be2 e5 7.d5 Nbd7 8.O-O Nc5
9.Qc2 a5 10.Bg5 h6 11.Be3 Nfd7 12.a3 a4 13.Nd2 f5 14.b4 axb3 15.Nxb3 Nxb3
16.Qxb3 Nf6 17.f3 f4 18.Bf2 g5 19.Ra2 h5 20.h3 g4 21.fxg4 hxg4 22.hxg4 Nxg4
23.Nd1 Qg5 24.Bxg4 Bxg4 25.Be1 Qh5 26.Bb4 Rf6 27.Nf2 Be2 28.Re1 f3 29.Rexe2
fxe2 30.Qe3 Raf8 31.Rxe2 Bh6 32.Qd3 Bf4 33.Nh3 Qg4 34.Nxf4 Rxf4 35.Re3 R8f7
36.Rh3 Rg7 37.Rh2 Rxe4 38.g3 Qxg3+ 39.Qxg3 Rxg3+ 40.Kf2 Rgg4 41.c5 dxc5
42.Bxc5 b6 43.d6 Ref4+ 44.Ke2 bxc5 45.dxc7 Rf8 46.Rh6 Rc8 47.Rc6 c4 48.a4 Rg7
49.Rxc4 Rgxc7 50.Re4 Rc5 51.Kf3 Kf7 52.Re1 Ke6 53.Ra1 Rc3+ 54.Ke2 e4 55.a5 Rh8
56.Ra4 Rh2+ 57.Kd1 Ke5 58.a6 Rg3 59.Ra5+ Kd6 {#R} 0-1

[Event "Cup Volga (cat.3)"]
[Site "Kostroma (Russia)"]
[Date "2012.07.11"]
[Round "8"]
[White "Odnorozhenko Evgenyi (UKR)"]
[Black "Dzhangobegov Vladimir (RUS)"]
[Result "0-1"]
[WhiteElo "2298"]
[BlackElo "2360"]

1.d4 Nf6 2.Nf3 g6 3.c4 Bg7 4.Nc3 O-O 5.e4 d6 6.Be2 Nbd7 7.O-O e5 8.d5 Nc5
9.Qc2 a5 10.Bg5 h6 11.Be3 b6 12.Nd2 Ng4 13.Bxg4 Bxg4 14.a3 Na6 15.Rab1 Bd7
16.b4 f5 17.f3 axb4 18.axb4 f4 19.Bf2 g5 20.c5 bxc5 21.bxc5 dxc5 22.Nb3 g4
23.Bxc5 Rf6 24.fxg4 Bxg4 25.Kh1 f3 26.g3 h5 27.Be3 Bh3 28.Bg5 Bh6 29.Bxh6 Bg2+
30.Kg1 Rxh6 31.Rf2 h4 32.Rxg2 fxg2 33.Qxg2 Rg6 34.Nd2 Qg5 35.Nf1 Nc5 36.Nd1
Qg4 37.Nde3 Qxe4 38.Qxe4 Nxe4 39.Nf5 Rf6 40.N1e3 hxg3 41.hxg3 Ra2 42.Rb8+ Kf7
43.Rc8 Ra7 44.Rh8 Rb6 45.Rh7+ Kg6 46.Rd7 Ra1+ 47.Kg2 Rb2+ 48.Kf3 Ng5+ {#R} 0-1

[Event "Olympiad"]
[Site "Istanbul (Turkey)"]
[Date "2012.09.07"]
[Round "10"]
[White "Asefi Zaheeruddeen (AFG)"]
[Black "Wynn Zaw Htun (MYA)"]
[Result "0-1"]
[WhiteElo "2072"]
[BlackElo "2398"]

1.d4 Nf6 2.Nf3 g6 3.c4 Bg7 4.Nc3 d6 5.e4 O-O 6.Be2 e5 7.O-O Nbd7 8.d5 Nc5
9.Qc2 a5 10.Be3 Ne8 11.Nd2 f5 12.f3 f4 13.Bf2 h5 14.a3 g5 15.b4 Na6 16.Rab1 g4
17.g3 Bh6 18.fxg4 hxg4 19.gxf4 Bxf4 20.Bg3 Qg5 21.Bxf4 exf4 22.Kh1 Qh6 23.Bxg4
Bxg4 24.Rg1 Nf6 25.e5 Kf7 26.exf6 Rh8 27.Rg2 Rae8 28.Rf1 Re3 29.Nde4 Qh5
30.Qf2 f3 31.Rg3 axb4 32.axb4 Nxb4 33.h3 Bxh3 34.Ng5+ Qxg5 35.Qh2 Qxg3 36.Qxg3
Bxf1+ 37.Kg1 Rg8 {#R} 0-1